[Event "10. Forchheimer Sparkassen Open"]
[Site "Forchheim"]
[Date "2011.10.09"]
[Round "4.72"]
[White "Babichev, Vyacheslav"]
[Black "Kraus, Sebastian"]
[Result "1-0"]
[WhiteElo "1696"]
[BlackElo "1250"]
[PlyCount "160"]
[EventDate "2011.??.??"]
[WhiteTeam "SW Nürnberg Süd e.V."]
[BlackTeam "SV Puschendorf 1949 e.V."]

1. b3 {[%emt 0:00:00]} e5 2. Bb2 Nc6 3. e3 d6 4. c4 Nf6 5. Nc3 Be7 6. d3 Bf5 7.
a3 O-O 8. Nge2 Nd7 9. Ng3 Bg6 10. b4 Nb6 11. Be2 Qd7 12. Bg4 f5 13. Bh3 Bg5 14.
O-O Qf7 15. f4 Bh6 16. Qb3 e4 17. b5 Na5 18. Qb4 exd3 19. Qxa5 Nxc4 20. Qb4
Nxe3 21. Qd4 Nxf1 22. Rxf1 Qb3 23. Qd5+ Qxd5 24. Nxd5 Rae8 25. Bc1 Bf7 26. Ne3
g6 27. Nh1 Bb3 28. g3 Bg7 29. Bd2 Bd4 30. Re1 Re7 31. Bg2 Ba4 32. Bxb7 Bxb5 33.
Bd5+ Kg7 34. Kg2 c6 35. Nxf5+ gxf5 36. Rxe7+ Kf6 37. Re6+ Kg7 38. Bb3 d5 39.
Nf2 Kf7 40. Re1 Rb8 41. Nh3 h6 42. Ng1 Bc4 43. Ba4 Rb2 44. Nf3 Bc3 45. Rd1 c5
46. Kh3 Bxd2 47. Rxd2 Rxd2 48. Nxd2 Ba6 49. Nb3 c4 50. Nd4 c3 51. Kg2 c2 52.
Bxc2 dxc2 53. Nxc2 Kg6 54. Nd4 Bd3 55. Kf2 Be4 56. a4 Kh5 57. h3 Kg6 58. a5 h5
59. h4 Kf6 60. Ke3 a6 61. Nb3 Ke6 62. Nc5+ Kd6 63. Nxa6 Kc6 64. Kd4 Bf3 65.
Nb4+ Kb5 66. a6 Kb6 67. Nxd5+ Kxa6 68. Ke5 Bg4 69. Ne7 Kb7 70. Nxf5 Kc7 71. Nh6
Bc8 72. f5 Kd7 73. f6 Ke8 74. Kf4 Kf8 75. Kg5 Bd7 76. Kxh5 Be8+ 77. Kg5 Bd7 78.
Kg6 Be8+ 79. Kg5 Bd7 80. Nf5 Kg8 {Rest unklar} 1-0

[Event "10. Forchheimer Sparkassen Open"]
[Site "Forchheim"]
[Date "2011.10.09"]
[Round "4.73"]
[White "Seidl, Josef"]
[Black "Reich, Christian"]
[Result "0-1"]
[WhiteElo "1300"]
[BlackElo "1686"]
[PlyCount "102"]
[EventDate "2011.??.??"]
[WhiteTeam "TSV Kreuzberg"]
[BlackTeam "SC Straubing"]

1. Nf3 {[%emt 0:00:00]} d5 2. c4 dxc4 3. Qa4+ Nc6 4. Qxc4 e5 5. d3 h6 6. Bd2
Nf6 7. g3 Bd6 8. Bg2 O-O 9. O-O Be6 10. Qc1 Rb8 11. Nc3 Nd4 12. Nxd4 exd4 13.
Nb5 Be5 14. f4 Bd6 15. Nxd4 Bg4 16. e4 Bxf4 17. Bxf4 Qxd4+ 18. Be3 Qxd3 19.
Rxf6 gxf6 20. Bxh6 c6 21. Qf4 Qd4+ 22. Kh1 Bh5 23. g4 Bg6 24. e5 Qxe5 25. Qxe5
fxe5 26. Bxf8 Kxf8 27. Re1 Re8 28. h4 Bd3 29. g5 Kg7 30. Re3 e4 31. Bh3 Kg6 32.
Kh2 Re5 33. Bc8 b6 34. Kg3 f6 35. Kf4 Rb5 36. Ba6 fxg5+ 37. Kg4 Rb4 38. h5+ Kh6
39. Bb7 Rxb2 40. Bxc6 Re2 41. Rh3 Rxa2 42. Kf5 Rf2+ 43. Ke5 g4 44. Rh4 Kg5 45.
Rh1 Kh6 46. Be8 g3 47. Rc1 Rc2 48. Rg1 g2 49. Bg6 a5 50. Rb1 b5 51. Kd4 Rc4+
0-1

[Event "10. Forchheimer Sparkassen Open"]
[Site "Forchheim"]
[Date "2011.10.09"]
[Round "4.74"]
[White "Emge, Albin"]
[Black "Osthof, Rudolf"]
[Result "0-1"]
[WhiteElo "1242"]
[BlackElo "1651"]
[PlyCount "74"]
[EventDate "2011.??.??"]
[WhiteTeam "SC Alzenau"]
[BlackTeam "SC Forchheim e.V."]

1. e4 {[%emt 0:00:00]} Nf6 2. e5 Nd5 3. Nf3 d6 4. c4 Nb6 5. Nc3 Nc6 6. d4 Bg4
7. Be2 g6 8. O-O Bg7 9. c5 dxc5 10. dxc5 Nd7 11. Re1 Qc8 12. e6 Bxe6 13. Ng5
Nxc5 14. Nxe6 Nxe6 15. Bg4 Ncd8 16. Qa4+ c6 17. Qd1 Qc7 18. Ne4 f5 19. Ng5 Nxg5
20. Bxg5 e5 21. Be2 O-O 22. Qb3+ Kh8 23. Bd2 b6 24. Bc3 c5 25. Bc4 Nc6 26. Bd5
Rad8 27. Bxc6 Qxc6 28. Rxe5 c4 29. Qb5 Qxb5 30. Rxb5 Bxc3 31. bxc3 Rd3 32. Rc1
Rfd8 33. Rbb1 Rd2 34. a4 Ra2 35. Rb4 Rc2 36. Rcb1 Rdd2 37. Kf1 Rxf2+ 0-1

[Event "10. Forchheimer Sparkassen Open"]
[Site "Forchheim"]
[Date "2011.10.09"]
[Round "4.75"]
[White "Semenova, Alisa"]
[Black "Tong, Kevin"]
[Result "0-1"]
[WhiteElo "1156"]
[BlackElo "1646"]
[PlyCount "82"]
[EventDate "2011.??.??"]
[WhiteTeam "SC Noris-Tarrasch Nürnberg 1873"]
[BlackTeam "SC Erlangen 48/88 e.V."]

1. e4 {[%emt 0:00:00]} c5 2. Nf3 Nc6 3. d4 cxd4 4. Nxd4 g6 5. Nc3 Bg7 6. Be3
Nf6 7. Be2 O-O 8. O-O d5 9. exd5 Nxd5 10. Nxc6 bxc6 11. Nxd5 cxd5 12. Bf3 e6
13. c3 Ba6 14. Re1 Qc7 15. Qd2 Rfd8 16. Rac1 Qa5 17. b4 Qc7 18. Qb2 Bc4 19. Be2
Rdc8 20. Bc5 Bxe2 21. Qxe2 Bf8 22. Bxf8 Kxf8 23. Qe3 Kg7 24. Qd4+ Kg8 25. Rc2
Qc4 26. Rec1 Rc7 27. Qxc4 Rxc4 28. Kf1 Kg7 29. Ke2 Kf6 30. g3 g5 31. h3 h5 32.
f3 Kf5 33. Ke3 Rac8 34. Kd3 f6 35. Rf1 h4 36. g4+ Kf4 37. Rff2 e5 38. a3 d4 39.
Ra2 Rxc3+ 40. Ke2 Re3+ 41. Kd2 Rxf3 0-1

[Event "10. Forchheimer Sparkassen Open"]
[Site "Forchheim"]
[Date "2011.10.09"]
[Round "4.76"]
[White "Häusler, Luis"]
[Black "Schneider, Peter"]
[Result "0-1"]
[WhiteElo "996"]
[BlackElo "1629"]
[PlyCount "120"]
[EventDate "2011.??.??"]
[WhiteTeam "Spvgg 1946 e.V. Stetten"]
[BlackTeam "TSV Kirchehrenbach"]

1. e4 {[%emt 0:00:00]} c6 2. d4 d5 3. Nc3 dxe4 4. Nxe4 Bf5 5. Ng3 Bg6 6. Nf3
Nd7 7. Bc4 e6 8. O-O Be7 9. Ne5 Nxe5 10. dxe5 Qxd1 11. Rxd1 Bxc2 12. Re1 O-O-O
13. Be3 Kb8 14. Rac1 Bg6 15. Red1 Nh6 16. Bxh6 gxh6 17. Ne2 Bg5 18. f4 Be7 19.
Nc3 Bc5+ 20. Kh1 Be3 21. Ra1 Bxf4 22. Re1 Bd2 23. Red1 Bxc3 24. bxc3 Kc7 25.
Kg1 Rxd1+ 26. Rxd1 Rd8 27. Rxd8 Kxd8 28. Kf2 Ke7 29. Ke3 c5 30. Kf4 a6 31. h4
b5 32. Be2 f6 33. Bf3 a5 34. g4 b4 35. cxb4 axb4 36. h5 Bb1 37. Be4 fxe5+ 38.
Kxe5 Bxe4 39. Kxe4 Kf6 40. Kf4 e5+ 41. Ke4 Ke6 42. Kd3 Kd5 43. Ke3 c4 44. Kd2
Kd4 45. Kc2 e4 46. Kd2 e3+ 47. Ke2 Ke4 48. Ke1 Kd3 49. Kd1 e2+ 50. Ke1 c3 51.
Kf2 Kd2 52. Kf3 e1=Q 53. Kf4 Qe3+ 54. Kf5 Qg5+ 55. Ke6 Kd3 56. Kd6 Kd4 57. Ke6
Qe5+ 58. Kd7 Qf6 59. Kc7 Kd5 60. Kd7 Qf7+ 0-1

[Event "10. Forchheimer Sparkassen Open"]
[Site "Forchheim"]
[Date "2011.10.09"]
[Round "4.79"]
[White "Heil, Rudolf"]
[Black "Pillath, Marcus"]
[Result "1/2-1/2"]
[WhiteElo "1544"]
[BlackElo "1214"]
[PlyCount "25"]
[EventDate "2011.??.??"]
[WhiteTeam "SC Starnberg"]
[BlackTeam "SGem Vaihingen-Rohr"]

1. c4 {[%emt 0:00:00]} e5 2. g3 Bc5 3. Bg2 d6 4. b4 Bb6 5. e3 Ne7 6. a4 a6 7.
Bb2 O-O 8. Ne2 f6 9. d3 Nec6 10. O-O Be6 11. Nbc3 Nd7 12. Bxc6 bxc6 13. f4 {
Rest unleserlich} 1/2-1/2

[Event "10. Forchheimer Sparkassen Open"]
[Site "Forchheim"]
[Date "2011.10.09"]
[Round "4.80"]
[White "Hasenstab, Robin"]
[Black "Hasenstab, Rainer"]
[Result "1-0"]
[WhiteElo "1480"]
[BlackElo "977"]
[PlyCount "95"]
[EventDate "2011.??.??"]
[WhiteTeam "Schachfreunde Sailauf"]
[BlackTeam "Schachfreunde Sailauf"]

1. d4 {[%emt 0:00:00]} e6 2. Nf3 f6 3. e4 c6 4. c4 Qc7 5. Nc3 d6 6. Bd3 Nd7 7.
Nh4 g6 8. f4 Bg7 9. Nf3 Nf8 10. O-O Bd7 11. Re1 O-O-O 12. e5 f5 13. Ng5 Nh6 14.
Be2 Be8 15. Qb3 Qb6 16. Be3 Qxb3 17. axb3 Kb8 18. d5 dxe5 19. Bxa7+ Kc8 20. Bb6
Rd6 21. c5 Rxd5 22. Nxd5 exd5 23. Ra8+ Kd7 24. Rd8+ Ke7 25. Rb8 Nd7 26. Bd8+
Kf8 27. Rxb7 exf4 28. Ne6+ Kf7 29. Nxg7 Kxg7 30. Bf3 Rf8 31. Re7+ Nf7 32. Bb6
Kf6 33. Rexd7 Bxd7 34. Rxd7 Ke6 35. Rc7 Nd8 36. Rc8 Ke7 37. Rxd8 Rxd8 38. Bxd8+
Kxd8 39. Kf2 Ke7 40. b4 Kd7 41. g3 fxg3+ 42. Kxg3 d4 43. Kf4 Ke6 44. Bxc6 d3
45. Ke3 f4+ 46. Kxf4 d2 47. Bf3 Kd7 48. b5 1-0

[Event "10. Forchheimer Sparkassen Open"]
[Site "Forchheim"]
[Date "2011.10.09"]
[Round "4.81"]
[White "Alka, Kurt"]
[Black "Neiss, Albrecht"]
[Result "1/2-1/2"]
[WhiteElo "1250"]
[BlackElo "1469"]
[PlyCount "58"]
[EventDate "2011.??.??"]
[WhiteTeam "SC Erlangen 48/88 e.V."]
[BlackTeam "SC Kirchseeon e.V."]

1. e4 {[%emt 0:00:00]} e6 2. d4 d5 3. Bd3 Nf6 4. e5 Nfd7 5. Nf3 c5 6. c3 Nc6 7.
O-O Qb6 8. Bc2 cxd4 9. cxd4 Be7 10. b3 f6 11. exf6 Bxf6 12. Be3 g6 13. Nc3 Bg7
14. Ne2 O-O 15. Rc1 Qd8 16. Qd2 Nf6 17. Nf4 Qd6 18. Ne2 Bd7 19. Bf4 Qe7 20. Ne5
Nxe5 21. Bxe5 Ng4 22. Bxg7 Kxg7 23. h3 Nh6 24. Nc3 Nf5 25. Rfe1 Qb4 26. Bxf5
exf5 27. Qf4 Bc6 28. Qe5+ Kh6 29. Qf4+ Kg7 1/2-1/2

[Event "10. Forchheimer Sparkassen Open"]
[Site "Forchheim"]
[Date "2011.10.09"]
[Round "4.82"]
[White "Franz, Kurt"]
[Black "Heinrich, Leon"]
[Result "1-0"]
[WhiteElo "1413"]
[BlackElo "1168"]
[PlyCount "135"]
[EventDate "2011.??.??"]
[WhiteTeam "SC Kirchseeon e.V."]
[BlackTeam "SC Noris-Tarrasch Nürnberg 1873"]

1. d4 {[%emt 0:00:00]} Nf6 2. c4 e6 3. Nc3 Bb4 4. Bd2 Bxc3 5. Bxc3 b6 6. Nf3
Bb7 7. e3 d6 8. Be2 O-O 9. b3 Nbd7 10. O-O Ne4 11. Bb2 c5 12. Qc2 Nef6 13. Rad1
Qe7 14. dxc5 dxc5 15. Ba1 Rfd8 16. Qb2 Be4 17. Rd2 Nf8 18. Rfd1 h6 19. Ne1 Ng6
20. f3 Bb7 21. Rd3 Rxd3 22. Rxd3 e5 23. e4 Rd8 24. Qd2 Rxd3 25. Qxd3 Qd7 26.
Bf1 Qxd3 27. Nxd3 Nd7 28. g3 f6 29. Bh3 Ndf8 30. Nf2 Kf7 31. Nd1 Ne6 32. Ne3
Ne7 33. Kf2 g6 34. Nd5 Nd4 35. Bxd4 cxd4 36. Nc7 Kg8 37. Nb5 a6 38. Nc7 Nc6 39.
Be6+ Kf8 40. Bd5 Ke7 41. Bxc6 Bxc6 42. Nxa6 Kd6 43. Nb4 Bb7 44. Nd5 Bxd5 45.
cxd5 f5 46. a4 f4 47. b4 h5 48. a5 bxa5 49. bxa5 Kc7 50. a6 Kb6 51. d6 Kc6 52.
a7 Kxd6 53. a8=Q Ke7 54. Qb7+ Kf6 55. Qc6+ Kg5 56. h4+ Kh6 57. Qd5 Kh7 58. Qxe5
Kh6 59. Qxf4+ Kh7 60. e5 Kg7 61. Qf6+ Kh6 62. e6 d3 63. e7 d2 64. Qf4+ Kg7 65.
Qxd2 Kf7 66. Qd7 Kg7 67. e8=Q+ Kf6 68. Qee7# 1-0

[Event "10. Forchheimer Sparkassen Open"]
[Site "Forchheim"]
[Date "2011.10.09"]
[Round "4.83"]
[White "Kunkel, Heinrich"]
[Black "Hock, Anna-Maria"]
[Result "1/2-1/2"]
[WhiteElo "1209"]
[BlackElo "1412"]
[PlyCount "60"]
[EventDate "2011.??.??"]
[WhiteTeam "TuS 1863 Aschaffenb.Damm"]
[BlackTeam "TV-Großostheim 1900 e.V."]

1. Nf3 {[%emt 0:00:00]} Nf6 2. d4 g6 3. Bf4 Bg7 4. e3 d6 5. h3 O-O 6. Bd3 Nbd7
7. Nbd2 Nh5 8. Bh2 e5 9. c3 f5 10. dxe5 dxe5 11. Bc4+ Kh8 12. O-O f4 13. e4 Nb6
14. Qb3 Nxc4 15. Qxc4 Qe7 16. Rfd1 Rd8 17. Nb3 Be6 18. Qe2 Rd6 19. Rd2 Rxd2 20.
Nfxd2 Nf6 21. f3 Ne8 22. Kf1 Nd6 23. Bg1 b6 24. Rd1 Kg8 25. c4 Qf7 26. Rc1 Bf6
27. Bf2 Rd8 28. c5 Nb7 29. cxb6 cxb6 30. Be1 Qe7 1/2-1/2

[Event "10. Forchheimer Sparkassen Open"]
[Site "Forchheim"]
[Date "2011.10.09"]
[Round "4.84"]
[White "Meier, Hans"]
[Black "Lingl, Peter"]
[Result "0-1"]
[WhiteElo "1167"]
[BlackElo "1369"]
[PlyCount "74"]
[EventDate "2011.??.??"]
[WhiteTeam "SV Aham"]
[BlackTeam "SV Puschendorf 1949 e.V."]

1. e4 {[%emt 0:00:00]} e5 2. Nf3 Nc6 3. Bb5 Nf6 4. Nc3 Bc5 5. d3 a6 6. Bc4 d6
7. a3 Nd4 8. h3 Nxf3+ 9. Qxf3 Bd7 10. Nd5 Be6 11. Bg5 Bxd5 12. Bxd5 c6 13. Bxf6
gxf6 14. Ba2 Ke7 15. Qh5 d5 16. c4 dxe4 17. dxe4 Qd4 18. Qe2 Bxa3 19. Rb1 Bb4+
20. Kf1 Rhd8 21. g3 Qc5 22. Kg2 Rd2 23. Qf3 Rad8 24. Rhd1 R8d3 25. Qf5 Rxd1 26.
Rxd1 Rxd1 27. Qh5 Be1 28. Qxd1 Qxf2+ 29. Kh1 Qxg3 30. c5 Qxh3+ 31. Kg1 Qe3+ 32.
Kh2 Qf4+ 33. Kg1 Bf2+ 34. Kh1 Qxe4+ 35. Kh2 Qh4+ 36. Kg2 Qg3+ 37. Kh1 Qh3# 0-1

[Event "10. Forchheimer Sparkassen Open"]
[Site "Forchheim"]
[Date "2011.10.09"]
[Round "4.85"]
[White "Steindl, Horst"]
[Black "Meier, Martin"]
[Result "0-1"]
[WhiteElo "911"]
[BlackElo "1153"]
[PlyCount "54"]
[EventDate "2011.??.??"]
[WhiteTeam "SW Nürnberg Süd e.V."]
[BlackTeam "FC Ergolding 1932 e.V."]

1. Nf3 {[%emt 0:00:00]} Nc6 2. g3 d5 3. c3 Nf6 4. Bg2 e5 5. d3 Bd6 6. O-O O-O
7. Nbd2 Bf5 8. h3 h6 9. g4 e4 10. Nh4 Bh7 11. dxe4 Nxe4 12. Nxe4 dxe4 13. f3
Qxh4 14. Qe1 Qxe1 15. Rxe1 Rae8 16. fxe4 Bxe4 17. Bxe4 Rxe4 18. e3 a5 19. Bd2
Nd8 20. b3 Ne6 21. a3 f5 22. Rf1 fxg4 23. Rxf8+ Kxf8 24. Rf1+ Kg8 25. h4 Bxa3
26. c4 Bc5 27. Re1 b6 0-1

[Event "10. Forchheimer Sparkassen Open"]
[Site "Forchheim"]
[Date "2011.10.09"]
[Round "4.86"]
[White "Grüninger, Maxim"]
[Black "Ziegler, Gerhard"]
[Result "1-0"]
[WhiteElo "867"]
[BlackElo "1073"]
[PlyCount "40"]
[EventDate "2011.??.??"]
[WhiteTeam "SC Erlangen 48/88 e.V."]
[BlackTeam "SC Kirchseeon e.V."]

1. e4 {[%emt 0:00:00]} c6 2. Nc3 d5 3. d4 dxe4 4. Nxe4 Bf5 5. Ng3 Bg6 6. Bc4 e6
7. Nf3 Nd7 8. Bg5 Be7 9. Qd2 h6 10. Bxe7 Qxe7 11. O-O Ngf6 12. Bb3 O-O 13. Ne5
Nxe5 14. dxe5 Nd7 15. Rfd1 Rad8 16. Qd6 Qxd6 17. exd6 Ne5 18. Ne2 Rd7 19. Rd2
Rfd8 20. Rad1 b5 {Rest unleserlich} 1-0

[Event "10. Forchheimer Sparkassen Open"]
[Site "Forchheim"]
[Date "2011.10.09"]
[Round "4.87"]
[White "Kraus, Oliver"]
[Black "Schilay, Maria"]
[Result "1-0"]
[WhiteElo "1073"]
[BlackElo "797"]
[PlyCount "101"]
[EventDate "2011.??.??"]
[WhiteTeam "SV Puschendorf 1949 e.V."]
[BlackTeam "SK Neumarkt e.V."]

1. e4 {[%emt 0:00:00]} e5 2. Nf3 Nc6 3. Nc3 Bc5 4. Bc4 Nf6 5. d3 h6 6. O-O O-O
7. Bb5 a6 8. Bxc6 bxc6 9. d4 exd4 10. Nxd4 Bxd4 11. Qxd4 Qe7 12. Re1 c5 13. Qd3
Bb7 14. f3 a5 15. Bd2 Ba6 16. Nd5 Nxd5 17. Qxd5 c6 18. Qf5 Rab8 19. b3 c4 20.
Qxa5 Bb5 21. b4 Ra8 22. Qb6 Rfb8 23. Qf2 Ba4 24. Rac1 Qe5 25. c3 Qh5 26. Qd4
Rd8 27. Qxc4 d5 28. Qc5 Qg6 29. Bf4 dxe4 30. Rxe4 Rd5 31. Qb6 Rad8 32. Ree1 f6
33. Qa6 Bb5 34. Qb6 Rf5 35. Qxd8+ Kh7 36. Re8 Qf7 37. Rh8+ Kg6 38. Qe8 Rxf4 39.
Qxf7+ Kxf7 40. Kf2 Bc4 41. Rc8 Bb5 42. Rd1 Rh4 43. Rc7+ Kg6 44. Kg3 Rc4 45.
Rdd7 Rxc3 46. Rxg7+ Kf5 47. Rh7 Kg6 48. Rcg7+ Kh5 49. Kf4 Rc2 50. g4+ Kh4 51.
Rxh6# 1-0

[Event "10. Forchheimer Sparkassen Open"]
[Site "Forchheim"]
[Date "2011.10.09"]
[Round "4.88"]
[White "Schilay, Eva"]
[Black "Tschammer, Kai"]
[Result "1-0"]
[WhiteElo "1052"]
[BlackElo "759"]
[PlyCount "65"]
[EventDate "2011.??.??"]
[WhiteTeam "SK Neumarkt e.V."]
[BlackTeam "SC Erlangen 48/88 e.V."]

1. e4 {[%emt 0:00:00]} e5 2. Nf3 Nc6 3. Bc4 Nf6 4. Nc3 Be7 5. d3 O-O 6. Be3 d6
7. Qd2 Bg4 8. h3 Bh5 9. g4 Bg6 10. O-O-O a6 11. Rhg1 b5 12. Bb3 Qb8 13. h4 h6
14. g5 hxg5 15. hxg5 Nh7 16. Nd5 a5 17. a3 a4 18. Ba2 Rc8 19. Nh4 Nf8 20. f4
exf4 21. Nxf4 Bh7 22. g6 Bxh4 23. gxh7+ Nxh7 24. Qg2 Bf6 25. Nh5 Kf8 26. Nxf6
Nxf6 27. Qxg7+ Ke7 28. Qxf7+ Kd8 29. Qxf6+ Ne7 30. Bd5 Ra6 31. Rg7 c6 32. Be6
Qc7 {Rest unleserlich} 33. Rdg1 1-0

[Event "10. Forchheimer Sparkassen Open"]
[Site "Forchheim"]
[Date "2011.10.09"]
[Round "5.2"]
[White "Neuman, Petr"]
[Black "Golda, Harald"]
[Result "1/2-1/2"]
[WhiteElo "2474"]
[BlackElo "2278"]
[PlyCount "105"]
[WhiteTeam "TSV Bindlach Aktionär-Schachabte"]
[BlackTeam "Schachklub Schweinfurt 2000 e.V."]

1. d4 Nf6 2. c4 e6 3. Nc3 Bb4 4. Qc2 O-O 5. a3 Bxc3+ 6. Qxc3 b6 7. Bg5 Bb7 8.
e3 d6 9. f3 Nbd7 10. Bd3 Qe7 11. Ne2 Rfe8 12. O-O c5 13. Rfe1 Rac8 14. Qb3 d5
15. cxd5 Bxd5 16. Qd1 cxd4 17. Nxd4 Bc4 18. Rc1 Bxd3 19. Qxd3 Nc5 20. Qe2 e5
21. Nf5 Qe6 22. e4 g6 23. Ne3 Kg7 24. Rc3 Nh5 25. Nd5 h6 26. Be3 Nf6 27. Nxf6
Qxf6 28. Rec1 Rcd8 29. Bxc5 bxc5 30. Rxc5 Rd6 31. Rd5 Rxd5 32. exd5 Qd6 33. Qd2
Rd8 34. Rd1 Rc8 35. Kh1 Rc4 36. Qe3 a5 37. h3 a4 38. Re1 f6 39. Rd1 g5 40. b3
axb3 41. Qxb3 Rd4 42. a4 Rb4 43. Qa3 Rb6 44. Qc3 Ra6 45. Qc4 Ra5 46. Qb3 Qd7
47. d6 Rxa4 48. Qb6 Rc4 49. Kh2 h5 50. Qb3 Rc8 51. Qd5 Kh6 52. Rd2 h4 53. Qe4
1/2-1/2

[Event "10. Forchheimer Sparkassen Open"]
[Site "Forchheim"]
[Date "2011.10.09"]
[Round "5.3"]
[White "Marholev, Dimitar"]
[Black "Gegenfurtner, Jürgen"]
[Result "1/2-1/2"]
[WhiteElo "2353"]
[BlackElo "2252"]
[PlyCount "106"]
[EventDate "2011.??.??"]
[WhiteTeam "SC 51 Nordhausen"]
[BlackTeam "TSV Wacker Neutraubling"]

1. e4 e5 2. Nf3 Nc6 3. Bb5 a6 4. Ba4 Nf6 5. O-O Be7 6. Re1 b5 7. Bb3 d6 8. c3
Bg4 9. d3 O-O 10. h3 Bh5 11. Nbd2 Na5 12. Bc2 c5 13. Nf1 Ne8 14. g4 Bg6 15. Ng3
Nc7 16. d4 exd4 17. cxd4 Re8 18. d5 Nc4 19. b3 Nb6 20. Rb1 b4 21. a4 bxa3 22.
Bxa3 Nb5 23. Bb2 Bf6 24. Qc1 c4 25. g5 Bxb2 26. Qxb2 c3 27. Qc1 f6 28. h4 fxg5
29. h5 Bf7 30. Nxg5 Nd4 31. Nxf7 Nf3+ 32. Kf1 Kxf7 33. Qf4+ Qf6 34. Nf5 Nxe1
35. Rxe1 Rad8 36. Ra1 g6 37. hxg6+ hxg6 38. Nh6+ Kg7 39. Qxf6+ Kxf6 40. Rxa6
Rb8 41. Ra7 Re7 42. e5+ Rxe5 43. Ng4+ Kg5 44. Nxe5 dxe5 45. Re7 Kf4 46. Rf7+
Kg5 47. Re7 Kf4 48. d6 Nd5 49. Rf7+ Kg5 50. Rf3 Rd8 51. Be4 Rxd6 52. Bxd5 Rxd5
53. Rxc3 Rd2 1/2-1/2

[Event "10. Forchheimer Sparkassen Open"]
[Site "Forchheim"]
[Date "2011.10.09"]
[Round "5.4"]
[White "Andraschko, Felix"]
[Black "Mons, Leon"]
[Result "1/2-1/2"]
[WhiteElo "2057"]
[BlackElo "2342"]
[PlyCount "58"]
[EventDate "2011.??.??"]
[WhiteTeam "SC Leinfelden"]
[BlackTeam "SC Forchheim e.V."]

1. d4 g6 2. e4 Bg7 3. c4 d6 4. Nc3 Nf6 5. Nf3 O-O 6. Be2 c5 7.
O-O cxd4 8. Nxd4 Nc6 9. Be3 Nxd4 10. Bxd4 Bd7 11. Rc1 Bc6 12. f3 a5 13. Qd2 Nd7
14. b3 Bxd4+ 15. Qxd4 Qb6 16. Qxb6 Nxb6 17. Rfd1 Rfc8 18. Kf2 Nd7 19. f4 Nc5
20. Ke3 Ra6 21. g4 Rb6 22. Rb1 Rb4 23. Rd2 a4 24. Bd1 a3 25. Be2 Ra8 26. h4 Kg7
27. Bd3 Nxd3 28. Rxd3 Rc8 29. Rd4 Kf8 1/2-1/2

[Event "10. Forchheimer Sparkassen Open"]
[Site "Forchheim"]
[Date "2011.10.09"]
[Round "5.5"]
[White "Heidrich, Manfred"]
[Black "Lodes, Hermann"]
[Result "1/2-1/2"]
[WhiteElo "2254"]
[BlackElo "2040"]
[PlyCount "60"]
[EventDate "2011.??.??"]
[WhiteTeam "SC Forchheim e.V."]

1. e4 c6 2. d4 d5 3. Nd2 dxe4 4. Nxe4 Bf5 5. Ng3 Bg6 6. h4 h6
7. Nf3 Nd7 8. h5 Bh7 9. Bd3 Bxd3 10. Qxd3 e6 11. Bd2 Ngf6 12. O-O-O Qc7 13. Ne4
Nxe4 14. Qxe4 Nf6 15. Qe2 O-O-O 16. g3 Bd6 17. c4 c5 18. Bc3 cxd4 19. Nxd4 a6
20. Kb1 Rhe8 21. Rc1 Bc5 22. Nb3 Rd7 23. Be5 Qc6 24. Nxc5 Qxc5 25. Rhd1 Red8
26. Rxd7 Rxd7 27. b3 Ng4 28. Bxg7 Qxh5 29. Bc3 Qf5+ 30. Rc2 h5 1/2-1/2

[Event "10. Forchheimer Sparkassen Open"]
[Site "Forchheim"]
[Date "2011.10.09"]
[Round "5.6"]
[White "Miller, Eduard"]
[Black "Holzhäuer, Mathias"]
[Result "1-0"]
[WhiteElo "2153"]
[BlackElo "2242"]
[PlyCount "49"]
[EventDate "2011.??.??"]
[WhiteTeam "SC Forchheim e.V."]
[BlackTeam "SK Schmiden/Cannstatt"]

1. d4 Nf6 2. c4 Nc6 3. d5 Ne5 4. e4 Ng6 5. Nc3 e6 6. a3 exd5
7. exd5 a5 8. Be3 Nh4 9. Qe2 Be7 10. g4 O-O 11. O-O-O Re8 12. g5 Nf5 13. gxf6
Bxf6 14. Qd3 Nxe3 15. fxe3 Rxe3 16. Qc2 Bxc3 17. bxc3 Qe7 18. Kb2 Ra6 19. Ne2
c5 20. Ng3 Qe5 21. Bd3 g6 22. Qd2 Kg7 23. Rhe1 Rxe1 24. Rxe1 Qc7 25. Qg5 1-0

[Event "10. Forchheimer Sparkassen Open"]
[Site "Forchheim"]
[Date "2011.10.09"]
[Round "5.7"]
[White "Wagner, Florian"]
[Black "Nehls, Benedikt"]
[Result "1-0"]
[WhiteElo "2212"]
[BlackElo "2012"]
[PlyCount "79"]
[EventDate "2011.??.??"]
[WhiteTeam "SC Noris-Tarrasch Nürnberg 1873"]
[BlackTeam "SC Erlangen 48/88 e.V."]

1. f4 Nf6 2. Nf3 c5 3. a3 e6 4. c3 d5 5. b4 c4 6. d3 cxd3 7.
exd3 Be7 8. Qe2 O-O 9. g3 Bd7 10. Bh3 a5 11. Ra2 axb4 12. cxb4 Na6 13. O-O Nc7
14. Be3 Nb5 15. Qb2 Ra4 16. Nd4 Nxd4 17. Bxd4 Ra8 18. Nc3 Bd6 19. Re1 Re8 20.
Bg2 Bc7 21. Bf3 Rc8 22. Qf2 Bd6 23. Bb6 Bc7 24. Bc5 Bb8 25. Rae2 b5 26. Kg2 Bc6
27. Bd4 Bd6 28. Nb1 Bb7 29. Nd2 Ra8 30. Ra1 Qd7 31. Nb3 Bf8 32. Nc5 Qc8 33. h3
Nd7 34. Nb3 Nf6 35. Na5 Qd7 36. Rc1 Rec8 37. f5 exf5 38. Bxf6 gxf6 39. Qd4 Re8
40. Rxe8 1-0

[Event "10. Forchheimer Sparkassen Open"]
[Site "Forchheim"]
[Date "2011.10.09"]
[Round "5.8"]
[White "Kesik, Klaus-Dieter"]
[Black "Barthelmann, Benno"]
[Result "1/2-1/2"]
[WhiteElo "2199"]
[BlackElo "2007"]
[PlyCount "58"]
[EventDate "2011.??.??"]
[WhiteTeam "SC Hoyerswerda"]
[BlackTeam "SF Ravensburg"]

1. d4 f5 2. g3 g6 3. Bg2 Bg7 4. c4 Nf6 5. Nc3 O-O 6. Nf3 d6 7.
O-O Qe8 8. d5 a5 9. Rb1 Na6 10. b3 h6 11. Nd4 Rb8 12. e4 fxe4 13. Nxe4 Qf7 14.
Nxf6+ exf6 15. Bb2 Nc5 16. Qd2 f5 17. Qxa5 Nd3 18. Ba1 f4 19. Ne6 f3 20. Bh3 g5
21. Bxg7 Qh5 22. Bg2 Bxe6 23. dxe6 Nf4 24. Bxf8 Nh3+ 25. Kh1 fxg2+ 26. Kxg2
Nf4+ 27. gxf4 Qg4+ 28. Kh1 Qf3+ 29. Kg1 Qg4+ 1/2-1/2

[Event "10. Forchheimer Sparkassen Open"]
[Site "Forchheim"]
[Date "2011.10.09"]
[Round "5.9"]
[White "Belz, Frank-Martin"]
[Black "Hilverda, Alexander"]
[Result "0-1"]
[WhiteElo "1981"]
[BlackElo "2150"]
[PlyCount "96"]
[EventDate "2011.??.??"]
[WhiteTeam "SK Freising"]
[BlackTeam "Gütersloher Schachverein von 192"]

1. Nf3 d5 2. c4 c6 3. b3 Nf6 4. Bb2 g6 5. g3 Bg7 6. Bg2 O-O 7.
O-O Bg4 8. d3 Nbd7 9. Nbd2 b5 10. cxb5 cxb5 11. b4 a5 12. a3 Bxf3 13. Nxf3 Nb6
14. Qd2 Na4 15. Be5 e6 16. Ra2 Qb6 17. e3 Rfc8 18. Rc1 axb4 19. axb4 Ne8 20.
Bxg7 Kxg7 21. Rac2 Qb7 22. Nd4 Nd6 23. Rc6 Qd7 24. f4 Rxc6 25. Rxc6 Rc8 26. Rc2
Rxc2 27. Qxc2 Nf5 28. Nxf5+ gxf5 29. Bf1 Qd6 30. Qb1 d4 31. e4 Nc3 32. e5 Qxe5
33. fxe5 Nxb1 34. Bg2 f6 35. Bc6 Nc3 36. exf6+ Kxf6 37. Kf2 e5 38. Kf3 Ke6 39.
h4 Kd6 40. Ba8 e4+ 41. dxe4 fxe4+ 42. Kf2 e3+ 43. Kf3 Ke5 44. h5 e2 45. Kf2 d3
46. Ke1 Kd4 47. Kd2 Ne4+ 48. Ke1 Ke3 0-1

[Event "10. Forchheimer Sparkassen Open"]
[Site "Forchheim"]
[Date "2011.10.09"]
[Round "5.10"]
[White "Adelhütte, Dennis"]
[Black "Martin Fernandez, Rodrigo"]
[Result "0-1"]
[WhiteElo "1975"]
[BlackElo "2104"]
[PlyCount "158"]
[EventDate "2011.??.??"]
[WhiteTeam "SC Erlangen 48/88 e.V."]
[BlackTeam "SC Erlangen 48/88 e.V."]

1. d4 d5 2. Nc3 Nf6 3. Bg5 Nbd7 4. f3 h6 5. Bf4 c6 6. e4 e6 7.
exd5 Nxd5 8. Nxd5 cxd5 9. Qd2 Be7 10. Bd3 Nb6 11. c3 Bd7 12. Nh3 Rc8 13. Nf2
Nc4 14. Bxc4 Rxc4 15. Ng4 Rc8 16. Be5 f6 17. Bf4 Kf7 18. h4 h5 19. Nf2 b5 20.
Nd3 a5 21. a3 Qb6 22. b4 Qc6 23. Rc1 Ra8 24. O-O Rhc8 25. Qb2 Qc4 26. Rfd1 Qc6
27. Rf1 Qa6 28. Rf2 Ra7 29. Rfc2 Rca8 30. Nc5 Qc8 31. Re2 axb4 32. axb4 Bxc5
33. bxc5 Ra4 34. Bd6 Qa6 35. Rf2 Qc8 36. Re2 R8a6 37. Qc2 Qh8 38. Rce1 g6 39.
Qd2 Ra1 40. Rxa1 Rxa1+ 41. Kh2 Ra6 42. Qf4 Kg7 43. Bc7 Qh6 44. Qxh6+ Kxh6 45.
Bd6 Kg7 46. f4 Kf7 47. Kg3 Ra3 48. Kf2 Rxc3 49. Ra2 e5 50. fxe5 fxe5 51. Bxe5
b4 52. Rb2 b3 53. Ke2 Bb5+ 54. Kd2 Rd3+ 55. Ke1 Ke6 56. Kf2 Kd7 57. g3 Rc3 58.
Bf4 Bd3 59. Ke1 Bc2 60. Be5 Kc6 61. Kd2 Rd3+ 62. Ke2 Kb5 63. Ke1 Rc3 64. Kd2
Rc4 65. Bd6 Rxd4+ 66. Ke3 Re4+ 67. Kd2 Rc4 68. Ke3 d4+ 69. Kd2 d3 70. Bf8 Re4
71. Bh6 Kxc5 72. Bf8+ Kc4 73. Bh6 Re2+ 74. Kc1 Rf2 75. Bg5 Rf3 76. Bh6 Rxg3 77.
Bg7 g5 78. hxg5 Rg2 79. Bc3 Kxc3 0-1